Homenaje a España / (Record no. 114545)

MARC details
000 -LEADER
campo de control de longitud fija 00397nam a2200145 i 4500
001 - NÚMERO DE CONTROL
campo de control 114545
003 - IDENTIFICADOR DE NÚMERO DE CONTROL
campo de control ES-MaACL
005 - FECHA Y HORA DE LA ÚLTIMA TRANSACCIÓN
campo de control 20230906190202.0
007 - CAMPO FIJO DE DESCRIPCIÓN FÍSICA--INFORMACIÓN GENERAL
campo de control de longitud fija t|
008 - DATOS DE LONGITUD FIJA--INFORMACIÓN GENERAL
campo de control de longitud fija 070308s1908 fr ||||1| spa d
100 1# - ENTRADA PRINCIPAL--NOMBRE DE PERSONA
Nombre de persona Quijano Wallis, José María.
9 (RLIN) 94620
245 10 - MENCIÓN DEL TÍTULO
Título Homenaje a España /
Mención de responsabilidad, etc. Quijano Wallis.
260 ## - PUBLICACIÓN, DISTRIBUCIÓN, ETC.
Lugar de publicación, distribución, etc. Paris :
Nombre del editor, distribuidor, etc. R. Roger y F. Chemoviz,
Fecha de publicación, distribución, etc. 1908.
852 ## - LOCALIZACIÓN
Ubicación ES-MaACL
Número de control de estantería T-1152-F-7
Holdings
Estatus retirado Estado de pérdida Estado de daño No para préstamo Colección Biblioteca de origen Biblioteca actual Ubicación en estantería Fecha de adquisición Fuente de adquisición Total de préstamos Signatura topográfica completa Código de barras Visto por última vez Precio de reemplazo Tipo de ítem Koha
        Colección de folletos Biblioteca del Ateneo de Madrid Biblioteca del Ateneo de Madrid Depósito folletos 17/01/2008     T-1152-F-7 1119454 23/02/2023 23/02/2023 Folleto